[Event "Bodensee op"]
[Site "Bregenz"]
[Date "2024.05.12"]
[Round "9"]
[White "Heron, Andrew"]
[Black "Busch, Mike"]
[Result "1/2-1/2"]
[WhiteElo "1962"]
[BlackElo "1897"]
[PlyCount "50"]
[EventDate "2024.05.04"]
[EventType "swiss"]
[EventRounds "9"]
[EventCountry "AUT"]
[SourceTitle "CBM 220 Extra"]
[Source "ChessBase"]
[SourceDate "2024.07.31"]
[SourceVersion "1"]
[SourceVersionDate "2024.07.31"]
[SourceQuality "1"]

1. e4 c5 2. Nf3 g6 3. g3 Bg7 4. Bg2 Nc6 5. 0-0 Nf6 6. Re1 0-0 7. Nc3 Rb8 8. d3 d6 9. e5 Ne8 10. exd6 Nxd6 11. Bf4 b5 12. Rb1 Bg4 13. Qd2 Qd7 14. Ng5 e5 15. Be3 Nd4 16. h3 Be6 17. Nxe6 Nxe6 18. Rbd1 Nf5 19. Ne4 Nxe3 20. Qxe3 Nd4 21. Qd2 Qc7 22. c3 Ne6 23. Ng5 Nxg5 24. Qxg5 Rbd8 25. Qe3 Rd7 1/2-1/2

[Event "Bodensee op"]
[Site "Bregenz"]
[Date "2024.05.09"]
[Round "6"]
[White "Sucher, Johannes"]
[Black "Busch, Mike"]
[Result "1-0"]
[WhiteElo "2053"]
[BlackElo "1897"]
[PlyCount "59"]
[EventDate "2024.05.04"]
[EventType "swiss"]
[EventRounds "9"]
[EventCountry "AUT"]
[SourceTitle "CBM 220 Extra"]
[Source "ChessBase"]
[SourceDate "2024.07.31"]
[SourceVersion "1"]
[SourceVersionDate "2024.07.31"]
[SourceQuality "1"]

1. d4 f5 2. e4 fxe4 3. Nc3 Nf6 4. Bg5 Nc6 5. d5 Ne5 6. Qd4 Nf7 7. Nh3 g6 8. Nxe4 Bg7 9. 0-0-0 0-0 10. Nxf6+ exf6 11. Be3 d6 12. Nf4 c5 13. Qd2 Re8 14. Bc4 Ne5 15. Bb5 Re7 16. Ne6 Bxe6 17. dxe6 a6 18. Be2 Rxe6 19. f4 Nf7 20. Bc4 Re8 21. Rhe1 b5 22. Bxf7+ Kxf7 23. Qd5+ Kf8 24. Bxc5 Bh6 25. Bxd6+ Kg7 26. g3 Rxe1 27. Rxe1 Ra7 28. Qc5 Rf7 29. Qc6 Rd7 30. Qxd7+ 1-0